01219 a2200277 4500003000500000005001700005020002500022020002900047035002000076035002300096040000900119082001400128100001600142245010000158260004200258300003300300500002000333505036000353650004100713650002200754651001000776700001800786942001200804999001900816952010600835Nust20170207154014.0 a1-85233-919-5 (pbk.) a978-1-85233-919-7 (pbk.) a(OCoLC)60960964 a(OCoLC)ocm60960964 cNust04a518.028551 aOtto, S. R.13aAn introduction to programming and numerical methods in MATLAB -(EBOOK)cS.R. Otto, J.P. Denier aNew York ;aLondon :bSpringer,c2005 axv, 463 s. :bill. ;c24 cm. aIncludes index. a1. Simple Calculations with MATLAB (Page-1) 2. Writing Scripts and Functions (Page-27) 3. Loops and Conditional Statements (Page- 63) 4. Root Finding(Page- 03) 5. Interpolation and Extrapolation (Page-145) 6. Matrices (Page-169) 7. Numerical Integration (Page-225) 8. Solving Differential Equations (Page-247) 9. Simulations and Random Numbers.(Page- 291) 7aNumerical analysisxData processing. 7aNumeriska metoder aEBOOK1 aDenier, J. P. 2ddccBK c191332d191332 00102ddc40708NFICaMCSbMCSd2016-12-12l0o518.02855 OTTpMCSEB-526r2016-12-08w2016-12-12yBK